La nueva teoría económica (Registro nro. 11484)

Detalles MARC
000 -ENCABEZADO
Número de control [NR] 01056nam a2200277Ia 4500
008 - DE LONGITUD FIJA DE DATOS DE ELEMENTOS - INFORMACIÓN GENERAL
Elementos de longitud fija [NR] 130821s1957 ag gr spa
040 ## - FUENTE DE CATALOGACION [NR]
Agencia de catalogación original [NR] Co-BoUCM
Idioma de catalogación [NR] spa
041 ## - CODIGO DE IDIOMA [R]
Código de idioma para texto/pista de sonido o título separado [R] Español
100 1# - ASIENTO PRINCIPAL--NOMBRE PERSONAL [NR]
Nombre personal [NR] Paulsen, Andreas
Fechas asociadas con el nombre [NR] 1899-1977
ID Autoridad 110995
245 13 - MENCION DE TITULO [NR]
Título [NR] La nueva teoría económica
Mención de responsabilidad, etc. [NR] Andreas Paulsen ; traducción de Adolfo von Ritter-Zahony ; supervisión de B. Rodríguez Meitín ; prólogo de Oreste Popescu.
260 ## - PUBLICACION, DISTRIBUCION, ETC. (PIE DE IMPRENTA) [R]
Lugar de publicación, distribución, etc. [R] Buenos Aires (Argentina)
Nombre del editor, distribuidor, etc. [R] El Ateneo
Fecha de publicación, distribución, etc. [R] 1957
300 ## - DESCRIPCION FISICA [R]
Extensión [R] 453 páginas
490 #0 - MENCION DE SERIE [R]
Mención de serie [R] Biblioteca de ciencias económicas
500 ## - NOTA GENERAL [R]
Nota general [NR] Ejemplar 2 Donación Dr. Alvaro Daza
650 04 - ASIENTO SECUNDARIO DE MATERIA - TERMINO TEMATICO [R]
Término temático o nombre geográfico como elemento de entrada [NR] Economía keynesiana
9 (RLIN) 13699
650 04 - ASIENTO SECUNDARIO DE MATERIA - TERMINO TEMATICO [R]
Término temático o nombre geográfico como elemento de entrada [NR] Economía
9 (RLIN) 174
650 04 - ASIENTO SECUNDARIO DE MATERIA - TERMINO TEMATICO [R]
Término temático o nombre geográfico como elemento de entrada [NR] Pleno empleo
9 (RLIN) 21717
650 04 - ASIENTO SECUNDARIO DE MATERIA - TERMINO TEMATICO [R]
Término temático o nombre geográfico como elemento de entrada [NR] Teoría económica
9 (RLIN) 25318
650 04 - ASIENTO SECUNDARIO DE MATERIA - TERMINO TEMATICO [R]
Término temático o nombre geográfico como elemento de entrada [NR] Teoría política
9 (RLIN) 25330
700 1# - ASIENTO SECUNDARIO - NOMBRE PERSONAL [R]
Nombre personal [NR] Popescu, Oreste
Término de relación [R]
9 (RLIN) 109675
700 1# - ASIENTO SECUNDARIO - NOMBRE PERSONAL [R]
Nombre personal [NR] Ritter-Zahony, Adolfo von
Término de relación [R]
9 (RLIN) 114298
700 1# - ASIENTO SECUNDARIO - NOMBRE PERSONAL [R]
Nombre personal [NR] Rodriguez Meitín, B.
Término de relación [R]
9 (RLIN) 114299
765 1# - ASIENTO DE IDIOMA ORIGINAL [R]
Título [NR] Neue wirtschaftslehre
942 ## - ELEMENTOS DE ENTRADA AGREGADOS (KOHA)
Tipo de ítem principal el descrito en 300a Libro
Tema principal Economía
Edición 1
Sistema de clasificación DEWEY
Clasificación 330.156
Existencias
Fecha de último préstamo Signatura topográfica Código de barras Última vez visto Ejemplar Price effective from Tipo de ítem Perdido Sistema de clasificación Dañado No prestable Tipo de ítem específico Suprimido Ubicación habitual Ubicación actual Localización Fecha de creación Forma de adquisición Costo Total préstamos
09/12/2011 FAD 330.156 P332n 100122030 09/05/2018 Ej.2 03/02/2013 Libro   LOCAL     Fondos especiales     Archivo Histórico Archivo histórico 28/02/2011 Donación 26000.00  
30/01/2012 330.156 P332n 100000540 21/04/2018 Ej.1 03/02/2013 Libro   DEWEY     Libro   Bodega Bodega Préstamo 4 días después de solicitado 28/02/2003 Compra 80.00 1